01410nam a2200289 a 450000100100000000500170001000800410002702000150006804000250008308200180010810000280012624500560015426000450021030000310025550000510028650400270033759000260036465000320039065000200042291000370044295201300047995201300060995201300073995201150086995201210098499900150110500000473820200929151508.0090725s2005 dr c 000 0 spa d a9945000349 aDO-SdBNPbspacBNPHU a745.61bP438L1 aPérez, Faustino9194510aLetreros populares dominicanos /cFaustino Pérez. aSanto Domingo :bAmigo del Hogar,c2005. a183 p. :bretrs. ;c24 cm. aIncluye datos biográficos del autor (p. 183) aBibliografía : p. 18 aInventariado, 2018/LP 4aCarteles dominicanos913779 4aLetreros913780 aValidado. Control de calidad MFF 001054708DSaGRbGRcHDd2010-02-17iLF1l0o745.61 P438Lp4738-30r2020-06-25te. 3w2020-06-25yLFDSZPréstamo en sala 001054708DSaGRbGRcHDd2011-10-04iLF1l0o745.61 P438Lp4738-40r2020-06-25te. 4w2020-06-25yLFDSZPréstamo en sala 001054708DSaGRbGRcHDd2011-10-04iLF1l0o745.61 P438Lp4738-50r2020-06-25te. 5w2020-06-25yLFDSZPréstamo en sala 0010718PDaPDbPDcHDd2009-07-25iLF1l0o745.61 P438Lp4738-10r2020-06-25w2020-06-25yLFPDZNo se presta 0010718PDaPDbPDcHDd2010-02-17iLF1l0o745.61 P438Lp4738-20r2020-06-25te. 2w2020-06-25yLFPDZNo se presta c4544d4544